Levantamiento topográfico del lugar para el arranque del rompeolas proyectado en el desarrollo portuario del terminal portuario de Ilo / (Registro nro. 4975)
[ vista simple ]
| 000 -LEADER | |
|---|---|
| fixed length control field | 01106nam a22002417a 4500 |
| 003 - CONTROL NUMBER IDENTIFIER | |
| control field | PE SENCICO BE |
| 005 - DATE AND TIME OF LATEST TRANSACTION | |
| control field | 20251020182707.0 |
| 008 - FIXED-LENGTH DATA ELEMENTS--GENERAL INFORMATION | |
| fixed length control field | 240301b |||||||| |||| 00| 0 eng d |
| 040 ## - CATALOGING SOURCE | |
| Original cataloging agency | PE SENCICO BE |
| Transcribing agency | PE SENCICO BE |
| 084 ## - OTHER CLASSIFICATION NUMBER | |
| Classification number | I |
| -- | DIS |
| -- | 1999 |
| Item number | R74 |
| 100 1# - MAIN ENTRY--PERSONAL NAME | |
| 9 (RLIN) | 1999 |
| Personal name | Rodriguez Campos, Walter Manuel |
| Relator term | autor |
| 245 1# - TITLE STATEMENT | |
| Title | Levantamiento topográfico del lugar para el arranque del rompeolas proyectado en el desarrollo portuario del terminal portuario de Ilo / |
| Statement of responsibility, etc. | Walter Manuel Rodriguez Campos |
| 260 ## - PUBLICATION, DISTRIBUTION, ETC. | |
| Place of publication, distribution, etc. | Lima : |
| Date of publication, distribution, etc. | 1999 |
| 300 ## - PHYSICAL DESCRIPTION | |
| Extent | [50] h. : |
| Other physical details | plans.; |
| Dimensions | 30 x 42 cm. |
| 500 ## - GENERAL NOTE | |
| General note | Texto contiene planos: 30 x 42 cm. |
| 502 ## - DISSERTATION NOTE | |
| Dissertation note | Monografía de Titulación.-- Servicio Nacional de Capacitación para la Industria de la Construcción. Escuela Superior Técnica. Carrera Profesional Técnica en Topografía y Geodesía, 1999 |
| 650 10 - SUBJECT ADDED ENTRY--TOPICAL TERM | |
| 9 (RLIN) | 4 |
| Topical term or geographic name entry element | Topografía |
| 650 20 - SUBJECT ADDED ENTRY--TOPICAL TERM | |
| 9 (RLIN) | 116 |
| Topical term or geographic name entry element | Levantamiento topográfico |
| 650 20 - SUBJECT ADDED ENTRY--TOPICAL TERM | |
| 9 (RLIN) | 2000 |
| Topical term or geographic name entry element | Puertos |
| 710 1# - ADDED ENTRY--CORPORATE NAME | |
| Corporate name or jurisdiction name as entry element | Servicio Nacional de Capacitación para la Industria de la Construcción. |
| Subordinate unit | Escuela Superior Técnica |
| 9 (RLIN) | 1065 |
| 910 ## - USER-OPTION DATA (OCLC) | |
| -- | hfp |
| -- | hfp |
| 942 ## - ADDED ENTRY ELEMENTS (KOHA) | |
| Koha item type | Monografía de Titulación |
| Fecha de la última vez que lo usaron | Número de ingreso o de inventario | Pago total | Signatura topográfica completa | Código de barras | Precio efectivo desde | Tipo de documento | Estado perdido | Estado dañado | No es para préstamo | Retirado | Ubicación permanente | Ubicación actual | Fecha de adquisición |
|---|---|---|---|---|---|---|---|---|---|---|---|---|---|
| 01/03/2024 | I-00523 | I/DIS/1999/R74 | BibLima24030004 | 01/03/2024 | Monografía de Titulación | Biblioteca Central Lima | Biblioteca Central Lima | 01/03/2024 |